000 00441nam a2200145Ia 4500
005 20250626013713.0
008 240331s9999 xx 000 0 und d
082 _bTHI
_a305
100 _aThiruchadran, S
245 0 _aStreevadee darshana konayen samaja niyayan vigraha kirimak
260 _aColombo
_bWomen's Education & Research Centre
_c1995
300 _a58 p .,
500 _aThe Dilemma of Theories - A Feminist perspective
942 _cL
999 _c1785
_d1785